000 00685nam a2200229Ia 4500
003 OSt
005 20220926004255.0
006 a|||||r|||| 00| 0
007 ta
008 220923b |||||||| |||| 00| 0 eng d
037 _cGeneral Book
040 _aRTL
_cRTL
_beng
041 _2eng
_aeng
082 _aV2,3-32.N55r, J4.15
110 _aINDIA, RAJYA SABHA
_9263636
245 0 _aParliamentary debates
_b Rajya sabha , official report
260 _a New Delhi
_bRajya sabha secreatariat
_c1955
300 _a214--4414p. +143p
_ccm.
700 _aINDIA, RAJYA SABHA
_9263637
942 _hV2,3-32.N55r, J4.15
_cGB
_2CC
999 _c610501
_d610501